MARC

LEADER 00000nam0a2200000 4500
001 305953
005 20231102001841.0
035 |a (RuTPU)RU\TPU\book\331229 
090 |a 305953 
100 |a 20151001d1980 m y0rusy50 ca 
101 0 |a rus 
102 |a RU 
105 |a a j 001zy 
200 1 |a Технология гибридных интегральных схем СВЧ  |e учебное пособие  |f И. П. Бушминский, Г. В. Морозов 
210 |a Москва  |c Высшая школа  |d 1980 
215 |a 285 с.  |c ил. 
320 |a Библиогр.: с. 283. 
606 1 |a Электронные приборы, сверхвысокочастотные  |2 stltpush  |3 (RuTPU)RU\TPU\subj\20500  |9 45601 
606 1 |a Микроэлектронные схемы интегральные гибридные сверхвысокочастотные  |2 stltpush  |3 (RuTPU)RU\TPU\subj\43862  |9 63303 
610 1 |a учебные пособия 
610 1 |a конструктивно-технологические особенности 
610 1 |a производство 
610 1 |a материалы 
610 1 |a процессы 
610 1 |a конструкции 
610 1 |a оптимизация 
610 1 |a электрические характеристики 
610 1 |a полосковые линии 
675 |a 621.385.6(075.8)  |v 3 
675 |a 621.382.049.776(075.8)  |v 3 
700 1 |a Бушминский  |b И. П.  |g Игорь Петрович 
701 1 |a Морозов  |b Г. В.  |g Георгий Валерьевич 
801 1 |a RU  |b 63413507  |c 20151001 
801 2 |a RU  |b 63413507  |c 20160208  |g RCR 
942 |c BK